| 000 -LEADER |
| fixed length control field |
01684 a2200265 4500 |
| 020 ## - INTERNATIONAL STANDARD BOOK NUMBER |
| International Standard Book Number |
0470853220 |
| 040 ## - CATALOGING SOURCE |
| Original cataloging agency |
DLC |
| Language of cataloging |
DLC |
| 082 04 - DEWEY DECIMAL CLASSIFICATION NUMBER |
| Classification number |
621.3845 |
| 100 1# - MAIN ENTRY--PERSONAL NAME |
| Personal name |
Castro, Jonathan P. |
| 245 10 - TITLE STATEMENT |
| Title |
All IP in 3G CDMA networks: the UMTS infrastructure and service platforms for future mobile systems |
| Remainder of title |
the UMTS infrastructure and service platforms for future mobile systems |
| Statement of responsibility, etc. |
Jonathan P. Castro |
| 260 ## - PUBLICATION, DISTRIBUTION, ETC. |
| Place of publication, distribution, etc. |
Chichester, England : |
| Name of publisher, distributor, etc. |
Wiley, |
| Date of publication, distribution, etc. |
cop. 2004 |
| 300 ## - PHYSICAL DESCRIPTION |
| Extent |
xxviii, 588 s. : |
| Other physical details |
ill. ; |
| Dimensions |
26 cm. |
| 505 00 - FORMATTED CONTENTS NOTE |
| Miscellaneous information |
1. |
| Title |
Evolving mobile networks -- |
| Miscellaneous information |
2. |
| Title |
System analysis fundamentals -- |
| Miscellaneous information |
3. |
| Title |
UMTS service components -- |
| Miscellaneous information |
4. |
| Title |
The UTRA physical layer design -- |
| Miscellaneous information |
5. |
| Title |
The UMTS development platform -- |
| Miscellaneous information |
6. |
| Title |
IP-multimedia subsystem (IMS) -- |
| Miscellaneous information |
7. |
| Title |
Deploying 3G networks -- |
| Miscellaneous information |
8. |
| Title |
High speed downlink packet access -- |
| Miscellaneous information |
9. |
| Title |
The UTRA transmission system -- |
| Miscellaneous information |
10. |
| Title |
3G services enablers -- |
| Miscellaneous information |
11. |
| Title |
Resource and network management -- |
| Miscellaneous information |
12. |
| Title |
Complementary UMTS technologies. |
| 520 1# - SUMMARY, ETC. |
| Summary, etc. |
"All IP in 3G CDMA Networks covers all the key aspects of UMTS and its implementation from the engineering designer and the operator and service providers' points of view. It addresses the essential tasks involved in UMTS network deployment in new regions and within existing 2G/2.5G networks."--BK JACKET. |
| 650 #7 - SUBJECT ADDED ENTRY--TOPICAL TERM |
| Topical term or geographic name entry element |
Tr夬?ommunikation |
| 650 #7 - SUBJECT ADDED ENTRY--TOPICAL TERM |
| Topical term or geographic name entry element |
Wireless communication systems. |
| 650 #7 - SUBJECT ADDED ENTRY--TOPICAL TERM |
| Topical term or geographic name entry element |
Mobile communication systems. |
| 650 #7 - SUBJECT ADDED ENTRY--TOPICAL TERM |
| Topical term or geographic name entry element |
Global system for mobile communications. |
| 650 #7 - SUBJECT ADDED ENTRY--TOPICAL TERM |
| Topical term or geographic name entry element |
Wireless communication systems |
| 650 #7 - SUBJECT ADDED ENTRY--TOPICAL TERM |
| Topical term or geographic name entry element |
Tr夬?ommunikation |
| 650 #7 - SUBJECT ADDED ENTRY--TOPICAL TERM |
| Topical term or geographic name entry element |
Wireless communication systems |
| 650 #7 - SUBJECT ADDED ENTRY--TOPICAL TERM |
| Topical term or geographic name entry element |
Telekommunikation |
| 650 #7 - SUBJECT ADDED ENTRY--TOPICAL TERM |
| Topical term or geographic name entry element |
Telecommunication |
| 942 ## - ADDED ENTRY ELEMENTS (KOHA) |
| Koha item type |
Book |
| Call number prefix |
621.3845 CAS |
| Source of classification or shelving scheme |
|